Priemyselná politika Slovenska ráta s modernizáciou strategických odvetví

Bibliographic Details
Main Author: (-alg) (Author)
Format: Article
Language:Slovak
Subjects:

MARC

LEADER 00000nab a2200000 a 4500
001 vtls000574134
003 SK-MaSNL
005 20260303013051.0
008 160202c1996 xo 0 slo
015 |a SNBRB19rr/mm-uuuuu 
035 |a CL0574272 
040 |a SNKBUCL  |b slo  |c SNKBUCL  |e AACR2 
041 0 |a slo 
044 |a xo  |c SK 
080 |a 338.242(437.6):338.45(437.6):338.23(437.6)  |2 1981 
080 |a 338.45(437.6)  |2 1981 
080 |a 338.23(437.6)  |2 1981 
100 1 |a (-alg)  |4 aut  |9 993430 
245 1 0 |a Priemyselná politika Slovenska ráta s modernizáciou strategických odvetví  |c (-alg) 
650 0 7 |a ekonomika  |2 snkbucl  |9 789 
650 0 7 |a priemyselná politika  |2 snkbucl  |9 28614 
655 7 |a články z novín a časopisov  |2 snkbucl  |9 267496 
773 0 |t Sme  |g Roč. 4 a 49, č. 31 (7. 2. 1996), s. 11 
850 |a Slovenská národná knižnica v Martine  |a MTA001 
852 |a SNK  |b KIS3GCP 
958 |a RK 
958 |a SK 
992 |a RBX 
999 |c 1600544  |d 1602474